Nghi lễ vòng đời của người Tà Ôi ở Việt Nam

Giới thiệu các nghi lễ vòng đời của người Tà Ôi ở Việt Nam như: Lễ tục trong sinh đẻ, cách đặt tên và nuôi dạy con, hôn nhân, bệnh tật và cách phòng chữa bệnh, nghi lễ tang ma của người Tà Ôi

Đã lưu trong:
書目詳細資料
主要作者: Trần, Nguyễn Khánh Phong
格式: 圖書
語言:Undetermined
出版: Hà Nội Văn học 2018
主題:
標簽: 添加標簽
沒有標簽, 成為第一個標記此記錄!
Thư viện lưu trữ: Trung tâm Học liệu Trường Đại học Cần Thơ
LEADER 00942nam a2200205Ia 4500
001 CTU_232902
008 210402s9999 xx 000 0 und d
082 |a 392.09597 
082 |b Ph431 
100 |a Trần, Nguyễn Khánh Phong 
245 0 |a Nghi lễ vòng đời của người Tà Ôi ở Việt Nam 
245 0 |c Trần Nguyễn Khánh Phong 
260 |a Hà Nội 
260 |b Văn học 
260 |c 2018 
520 |a Giới thiệu các nghi lễ vòng đời của người Tà Ôi ở Việt Nam như: Lễ tục trong sinh đẻ, cách đặt tên và nuôi dạy con, hôn nhân, bệnh tật và cách phòng chữa bệnh, nghi lễ tang ma của người Tà Ôi 
650 |a Phong tục tập quán,Manners and customs 
650 |z Việt Nam,Vietnam 
910 |b nthai 
980 |a Trung tâm Học liệu Trường Đại học Cần Thơ